Пушкин: Биография писателя. Статьи и заметки 1960-1990. "Евгений Онегин" Комментарий

Bibliographic Details
Main Author: Лотман Ю. М. Юрий Михайлович
Language:Russian
Published: СПб., Искусство-СПБ, 1998
Subjects:
Format: Book
KOHA link:https://koha.lib.tpu.ru/cgi-bin/koha/opac-detail.pl?biblionumber=23920

MARC

LEADER 00000nam0a2200000 4500
001 23920
005 20231101205559.0
010 |a 5210014835 
035 |a (RuTPU)RU\TPU\book\24145 
035 |a BOOK00024218 
090 |a 23920 
100 |a 20011209d1998 km y0rusy50 ca 
101 0 |a rus 
102 |a RU 
105 |a y z 000ab 
200 1 |a Пушкин  |e Биография писателя. Статьи и заметки 1960-1990. "Евгений Онегин" Комментарий  |f Ю. М. Лотман 
210 |a СПб.  |c Искусство-СПБ  |d 1998 
215 |a 847 с. 
600 1 |a Пушкин  |g Александр Сергеевич  |c русский писатель, поэт  |f 1799-1837  |b А. С.  |2 stltpui  |3 (RuTPU)RU\TPU\pers\1026 
610 1 |a литературоведение 
610 1 |a русская литература 
610 1 |a 19 век 
675 |a 8Р1(092)Пушкин А.С.  |v 3 
700 1 |a Лотман  |b Ю. М.  |c российский литературовед, культуролог  |f 1922-1993  |g Юрий Михайлович  |2 stltpush  |3 (RuTPU)RU\TPU\pers\275  |9 137 
801 0 |a RU  |b 63413507  |c 20011209  |g PSBO 
801 2 |a RU  |b 63413507  |c 20181108  |g PSBO 
942 |c BK